000
00273nam a22001217a 4500
082
_a
823
_b
PAI/T
100
_a
PAI, ANAND
245
_a
TINKLE DIGEST
246
_a
TINKLE DIGEST
_b
TINKLE DIGEST
520
_a
ENGLISH COMIC STORY
650
_a
ENGLISH COMIC STORY
942
_c
BK
999
_c
8825
_d
8825